| 000 | 00509nam a2200169Ia 4500 | ||
|---|---|---|---|
| 999 |
_c2904 _d2904 |
||
| 003 | OSt | ||
| 005 | 20200821121932.0 | ||
| 008 | 190216s9999||||xx |||||||||||||| ||und|| | ||
| 040 | _coclc | ||
| 082 |
_a628.5 _bSHA/E |
||
| 100 | 1 |
_aSharma, B. K. _91147 _d1954- _q(Brij Kishore), |
|
| 245 | 0 |
_aEnvironmental Chemistry / _cB K Sharma |
|
| 250 | _a5th Ed. | ||
| 260 |
_bGoel Publishing House, _c2000. _aMeerut: |
||
| 650 | _aChemistry-Chemistry | ||
| 942 |
_cBK _2ddc _h628.5 _iSHA/E _k628.5 _mSHA/E |
||